000 00886nam a2200253Ia 4500
003 OSt
005 20220923211010.0
006 a|||||r|||| 00| 0
007 ta
008 220922b |||||||| |||| 00| 0 hin d
020 _a8170551056 (hbk)
_c300
024 _a242,591
037 _b478, 26/02/2010, Vani Prakashan
_cTextual
040 _aARTS
_cARTS
_bhin
041 _2hin
_ahin
082 _aO152,6N40x, N6
100 _aतिवारी, विश्वनाथप्रसाद
_9156988
245 0 _aरचना के सरोकार
246 _aRachanā ke sarokāra
260 _aदिल्ली
_b वाणी प्रकाशन
_c1996
300 _a242पृ.
_ccm.
942 _hO152,6N40x, N6
_cTEXL
_2CC
999 _c293700
_d293700